000 00304nam a22001337a 4500
008 171023b xxu||||| |||| 00| 0 eng d
020 _a9780136394037
041 _aeng
080 _22ND
_a338
100 _a54
101 _aMEN
245 _aTOTAL QUALITY MANAGEMENT
_cBESTERFIELD,D.H
942 _2udc
_cBK
999 _c35403
_d35403